Women Who Inspired the World/ (Record no. 191925)

MARC details
000 -LEADER
fixed length control field 00558nam a22001817a 4500
005 - DATE AND TIME OF LATEST TRANSACTION
control field 20220907123302.0
010 ## - LCCN (DPL NO)
LC control number ENG-134954
020 ## - INTERNATIONAL STANDARD BOOK NUMBER
International Standard Book Number 9788183512060
Terms of availability 154.00
035 ## - SYSTEM CONTROL NUMBER
System control number EN-118486
037 ## - SOURCE OF ACQUISITION
Source of stock number/acquisition DBAD/PUB
082 ## - DEWEY DECIMAL CLASSIFICATION NUMBER
Classification number 920
100 ## - MAIN ENTRY--PERSONAL NAME
Personal name Krishna, K.V.S.G.
245 ## - TITLE STATEMENT
Title Women Who Inspired the World/
Statement of responsibility, etc K.V.S.G. Murali Krishna
260 ## - PUBLICATION, DISTRIBUTION, ETC. (IMPRINT)
Place of publication, distribution, etc New Delhi
Name of publisher, distributor, etc Zen Education
Date of publication, distribution, etc 2012
270 ## - ADDRESS
Address 4787/23 Ansari Road, Darya Ganj
City New Delhi
Postal code 110002
Electronic mail address zen.educare@gmail.com
300 ## - PHYSICAL DESCRIPTION
Extent xvii, 174p.
Dimensions 22cm(pbk)
942 ## - ADDED ENTRY ELEMENTS (KOHA)
Source of classification or shelving scheme Dewey Decimal Classification
Item type English Books
Classification part 920
Call number suffix KRI
Holdings
Withdrawn status Lost status Not for loan Collection code Home library Current library Date acquired Source of acquisition Cost, normal purchase price Full call number Barcode Copy number Cost, replacement price Koha item type
      Non-fiction Shahdara Branch Shahdara Branch 07/09/2022 DBAD/PUB 154.00 920 KRI EN-118486 1 154.00 English Books

© Delhi Public Library
Hit Counter
free hit counter